| 000 | 00637cam a2200193 4500 | ||
|---|---|---|---|
| 008 | 000000n1993 000 0 eng u | ||
| 035 | _a(Sirsi) u105337 | ||
| 041 | _aeng | ||
| 100 | _aSullivan, Kerry | ||
| 245 | _aStrategic use of Information technology : document 2 | ||
| 260 |
_aLondon _bSouth Bank University _c1993 |
||
| 300 | _ac300p. ; 30cm. | ||
| 520 | _aA survey carried out on behalf of the Royal Institution of Chartered Surveyors by South Bank University | ||
| 650 | _aIT | ||
| 650 | _aRICS | ||
| 690 | _aMANAGEMENT-BUSINESS MANAGEMENT-INFORMATION MANAGEMENT | ||
| 710 |
_aSouth Bank University _9492 |
||
| 942 | _n0 | ||
| 999 |
_c100368 _d100368 |
||